| 000 | 00697nam a22002417a 4500 | ||
|---|---|---|---|
| 005 | 20170124105919.0 | ||
| 010 | _a923456 | ||
| 020 | _c00 | ||
| 035 | _a923456 | ||
| 037 | _bCen Lib/Ret | ||
| 040 |
_aDPL _bEN |
||
| 082 |
_a016.42 _bBIB |
||
| 245 |
_aBibliography of studies on hindu language and linguistics / _ccomlpiled by Narindar K. Aggarwal |
||
| 246 | _b | ||
| 260 |
_bIndian Documentation Service _aGurgaon _c1978 |
||
| 270 |
_bGurgaon _e122001 |
||
| 300 |
_axvi, 184p. _c20cm(Hb) |
||
| 500 | _aIncludes index | ||
| 650 |
_aBibliographies _9901 |
||
| 650 |
_aLinguistics _9108339 |
||
| 700 |
_aAggarwal, Narindar K. _93579 |
||
| 942 |
_2ddc _cEN _h016.42 _mBIB |
||
| 999 |
_c122999 _d122999 |
||